[Event "Mersin op 5th"]
[Site "Mersin"]
[Date "2021.11.20"]
[Round "8"]
[White "Adiguzel, Ufuk Alp"]
[Black "Kaliakhmet, Elnaz"]
[Result "0-1"]
[WhiteElo "1963"]
[BlackElo "1686"]
[PlyCount "79"]
[EventDate "2021.11.16"]
[EventType "swiss"]
[EventRounds "9"]
[EventCountry "TUR"]
[SourceTitle "EXT 2023"]
[Source "ChessBase"]
[SourceDate "2022.10.05"]
[SourceVersion "1"]
[SourceVersionDate "2022.10.05"]
[SourceQuality "1"]

1. e4 c5 2. Nf3 e6 3. d3 Nc6 4. g3 g6 5. Bg2 Bg7 6. 0-0 Nge7 7. Nbd2 0-0 8. a4 b6 9. Re1 d5 10. exd5 exd5 11. Nb3 Bb7 12. a5 c4 13. a6 cxb3 14. axb7 bxc2 15. Qxc2 Rb8 16. Bg5 Rxb7 17. Bh3 h6 18. Bf4 g5 19. Be5 Nxe5 20. Nxe5 Qd6 21. d4 Rc7 22. Qb3 Nc6 23. Rad1 Rd8 24. Bg2 Na5 25. Qf3 Qb4 26. Qf5 Qd6 27. Ng4 Qg6 28. Qf3 Nc6 29. Ne5 Qf6 30. Qh5 Re7 31. Nxc6 Rxe1+ 32. Rxe1 Qxc6 33. h4 gxh4 34. Qxh4 Qf6 35. Qh5 Qxd4 36. Re7 Qf6 37. Rxa7 Qg6 38. Qh4 Qg5 39. Qxg5 hxg5 40. Ra6 0-1

[Event "World ol U16"]
[Site "Konya"]
[Date "2018.12.02"]
[Round "9.16"]
[White "Adiguzel, Ufuk Alp"]
[Black "Di, Xu Wei"]
[Result "0-1"]
[WhiteElo "2019"]
[BlackElo "1947"]
[PlyCount "63"]
[EventDate "2018.11.25"]
[EventType "team-swiss"]
[EventRounds "9"]
[EventCountry "TUR"]
[SourceTitle "CBM 187 Extra"]
[Source "ChessBase"]
[SourceDate "2018.11.04"]
[SourceVersion "1"]
[SourceVersionDate "2018.11.04"]
[SourceQuality "1"]
[WhiteTeam "Turkey Turquaz"]
[BlackTeam "Malaysia"]
[WhiteTeamCountry "TUR"]
[BlackTeamCountry "MAS"]

1. e4 c5 2. Nf3 Nc6 3. d4 cxd4 4. Nxd4 g6 5. c4 Bg7 6. Be3 Nf6 7. Nc3 d6 8. Be2 0-0 9. 0-0 Bd7 10. f3 Nxd4 11. Bxd4 Bc6 12. Qd2 Qa5 13. Be3 Rfc8 14. a3 Qh5 15. b4 a6 16. Rac1 Bd7 17. a4 Be6 18. g4 Qh3 19. Nd5 Bxd5 20. cxd5 Nd7 21. Rf2 Ne5 22. Qd1 Nxg4 23. Bf1 Nxf2 24. Bxh3 Nxd1 25. Bxc8 Nxe3 26. Bxb7 Rb8 27. Rc7 Bd4 28. Kh1 Kf8 29. b5 axb5 30. axb5 Bb6 31. Rd7 g5 32. h4 0-1

[Event "World ol U16"]
[Site "Konya"]
[Date "2018.12.01"]
[Round "8.13"]
[White "Fecker, Noah"]
[Black "Adiguzel, Ufuk Alp"]
[Result "1-0"]
[WhiteElo "2184"]
[BlackElo "2019"]
[PlyCount "63"]
[EventDate "2018.11.25"]
[EventType "team-swiss"]
[EventRounds "9"]
[EventCountry "TUR"]
[SourceTitle "CBM 187 Extra"]
[Source "ChessBase"]
[SourceDate "2018.11.04"]
[SourceVersion "1"]
[SourceVersionDate "2018.11.04"]
[SourceQuality "1"]
[WhiteTeam "Switzerland"]
[BlackTeam "Turkey Turquaz"]
[WhiteTeamCountry "SUI"]
[BlackTeamCountry "TUR"]

1. e4 c5 2. Nf3 e6 3. d4 cxd4 4. Nxd4 Nc6 5. Nc3 Qc7 6. Ndb5 Qb8 7. a4 a6 8. Na3 Bb4 9. g3 Qe5 10. Bg2 d5 11. 0-0 d4 12. Ne2 Qc5 13. c3 dxc3 14. bxc3 Bxc3 15. Be3 Qb4 16. Nc2 Qa5 17. Nxc3 Qxc3 18. Nd4 Nge7 19. Rc1 Qa5 20. Nxc6 Nxc6 21. Bc5 Qd8 22. Qb3 e5 23. f4 Qc7 24. Qe3 Bd7 25. Rfd1 Bg4 26. Rd5 Be6 27. f5 Bxd5 28. exd5 Nd8 29. d6 Qd7 30. Qxe5+ Ne6 31. fxe6 fxe6 32. Bh3 1-0

[Event "EU-chT U12"]
[Site "Bad Blankenburg"]
[Date "2018.07.18"]
[Round "9.4"]
[White "Tancsa, Tamas"]
[Black "Adiguzel, Ufuk Alp"]
[Result "1/2-1/2"]
[WhiteElo "2023"]
[BlackElo "1686"]
[PlyCount "145"]
[EventDate "2018.07.12"]
[EventType "team-tourn"]
[EventRounds "9"]
[EventCountry "GER"]
[SourceTitle "EXT 2019"]
[Source "ChessBase"]
[SourceDate "2018.10.10"]
[SourceVersion "1"]
[SourceVersionDate "2018.10.10"]
[SourceQuality "1"]
[WhiteTeam "Hungary U12"]
[BlackTeam "Turkey U12"]
[WhiteTeamCountry "HUN"]
[BlackTeamCountry "TUR"]

1. e4 c5 2. Nf3 e6 3. d4 cxd4 4. Nxd4 Nc6 5. Nb5 Nf6 6. N1c3 a6 7. Nd6+ Bxd6 8. Qxd6 Qe7 9. Qd1 d5 10. exd5 exd5+ 11. Qe2 Qxe2+ 12. Nxe2 Bf5 13. c3 0-0-0 14. Be3 Ng4 15. Bb6 Rd7 16. 0-0-0 d4 17. Bxd4 Nxd4 18. Rxd4 Nxf2 19. Rxd7 Kxd7 20. Rg1 Ng4 21. Nd4 Bg6 22. Be2 Ne3 23. Bf3 b6 24. Re1 Nc4 25. b3 Nd6 26. Bd5 Rc8 27. Kd2 Rc5 28. c4 b5 29. Kc3 bxc4 30. bxc4 Rc7 31. Nf3 f6 32. Nd4 Nb5+ 33. Nxb5 axb5 34. Kb4 bxc4 35. Bxc4 Rxc4+ 36. Kxc4 Bf7+ 37. Kd4 Bxa2 38. Ra1 Bf7 39. Ra7+ Ke6 40. Ke4 f5+ 41. Kf4 Kf6 42. h4 g6 43. g4 fxg4 44. Kxg4 h6 45. Ra5 Be6+ 46. Kf4 Bf7 47. Ra6+ Be6 48. Ke4 h5 49. Kf4 Kf7 50. Ke5 Bf5 51. Ra7+ Kg8 52. Kf6 Be4 53. Re7 Bf5 54. Rb7 Be4 55. Ra7 Bf5 56. Kg5 Be4 57. Kh6 Bf5 58. Re7 Kf8 59. Rg7 Be4 60. Ra7 Bf5 61. Kg5 Kg8 62. Kf6 Be4 63. Re7 Bf5 64. Re8+ Kh7 65. Kf7 Bd3 66. Re7 Bf5 67. Kf8+ Kh8 68. Rg7 Be4 69. Kf7 Bf5 70. Kf6 Be4 71. Re7 Bf5 72. Kg5 Kg8 73. Kh6 1/2-1/2

[Event "EU-chT U12"]
[Site "Bad Blankenburg"]
[Date "2018.07.15"]
[Round "5.4"]
[White "Adiguzel, Ufuk Alp"]
[Black "Costa, Leonardo"]
[Result "1-0"]
[WhiteElo "1686"]
[BlackElo "1746"]
[PlyCount "135"]
[EventDate "2018.07.12"]
[EventType "team-tourn"]
[EventRounds "9"]
[EventCountry "GER"]
[SourceTitle "EXT 2019"]
[Source "ChessBase"]
[SourceDate "2018.10.10"]
[SourceVersion "1"]
[SourceVersionDate "2018.10.10"]
[SourceQuality "1"]
[WhiteTeam "Turkey U12"]
[BlackTeam "Germany U12"]
[WhiteTeamCountry "TUR"]
[BlackTeamCountry "GER"]

1. e4 c5 2. Nf3 d6 3. d4 cxd4 4. Nxd4 Nf6 5. Nc3 g6 6. Be3 Bg7 7. f3 0-0 8. Qd2 Nc6 9. g4 Be6 10. Nxe6 fxe6 11. 0-0-0 Qc8 12. h4 Ne5 13. Be2 Nc4 14. Bxc4 Qxc4 15. Bh6 b5 16. Bxg7 Kxg7 17. Kb1 b4 18. Ne2 a5 19. h5 Kf7 20. Nf4 g5 21. Nd3 h6 22. e5 Nd5 23. exd6 exd6 24. Qe2 Rfc8 25. Rhe1 e5 26. Nxe5+ dxe5 27. Qxc4 Rxc4 28. Rxd5 Rf4 29. Rexe5 Rxf3 30. Rf5+ Rxf5 31. Rxf5+ Ke6 32. Rb5 Ra6 33. b3 Kd6 34. Kb2 Kc6 35. Rf5 Kb7 36. a3 bxa3+ 37. Kxa3 Rc6 38. c4 Re6 39. Rxa5 Re4 40. Rf5 Rxg4 41. Rf6 Rg1 42. Rxh6 g4 43. Rg6 g3 44. h6 Rh1 45. Rxg3 Rxh6 46. Rg5 Rh1 47. Kb4 Kc6 48. Rg6+ Kc7 49. Kb5 Rb1 50. b4 Rh1 51. c5 Rh5 52. Rg7+ Kb8 53. Kb6 Rh6+ 54. c6 Rh8 55. b5 Rf8 56. Rb7+ Ka8 57. Ra7+ Kb8 58. c7+ Kc8 59. Ra8+ Kd7 60. Rxf8 Ke7 61. c8Q Kd6 62. Rf6+ Ke5 63. Qf5+ Kd4 64. Rd6+ Kc3 65. Qd3+ Kb2 66. Qe2+ Kc3 67. Rd3+ Kc4 68. Qe4# 1-0